[Event "American Continental (Women) 16th"]
[Site "Oaxtepec"]
[Date "2025.05.06"]
[Round "9"]
[White "Mogollon Tobar, Nicolle Juliet"]
[Black "Hernandez Diaz, Paula Sofia"]
[Result "1-0"]
[WhiteElo "2065"]
[BlackElo "2014"]
[PlyCount "53"]
[EventDate "2025.05.01"]
[EventType "swiss"]
[EventRounds "9"]
[EventCountry "MEX"]
[SourceTitle "CB19_2025"]
[SourceDate "2025.05.07"]
[SourceVersion "1"]
[SourceVersionDate "2025.05.07"]
[SourceQuality "1"]

1. e4 c5 2. Nf3 d6 3. d4 cxd4 4. Nxd4 Nf6 5. Nc3 Nc6 6. Bg5 e6 7. Qd2 a6 8. 0-0-0 Bd7 9. Nxc6 Bxc6 10. f3 Be7 11. Kb1 Qc7 12. Ne2 d5 13. e5 Qxe5 14. Bf4 Qh5 15. g4 Nxg4 16. fxg4 Qxg4 17. Rg1 Qh5 18. Nd4 Bb4 19. c3 Bc5 20. Rxg7 Bxd4 21. Qxd4 0-0-0 22. Rg5 Qh4 23. Qe5 Kd7 24. Rg7 Rhf8 25. Qc7+ Ke8 26. Bg5 Qe4+ 27. Bd3 1-0

[Event "American Continental (Women) 16th"]
[Site "Oaxtepec"]
[Date "2025.05.02"]
[Round "3"]
[White "Mogollon Tobar, Nicolle Juliet"]
[Black "Martinez de La Trinidad, Alexandra"]
[Result "1-0"]
[WhiteElo "2065"]
[BlackElo "1932"]
[PlyCount "95"]
[EventDate "2025.05.01"]
[EventType "swiss"]
[EventRounds "9"]
[EventCountry "MEX"]
[SourceTitle "CB19_2025"]
[SourceDate "2025.05.07"]
[SourceVersion "1"]
[SourceVersionDate "2025.05.07"]
[SourceQuality "1"]

1. e4 c5 2. Nf3 e6 3. d4 cxd4 4. Nxd4 Nc6 5. Bf4 d6 6. Nxc6 bxc6 7. Bd3 e5 8. Be3 Nf6 9. c4 Be7 10. Nc3 0-0 11. 0-0 Ng4 12. Bd2 Bg5 13. h3 Nh6 14. Qc1 Bxd2 15. Qxd2 f5 16. exf5 Bxf5 17. Be2 Rf6 18. Rad1 Rg6 19. Qe3 Qh4 20. Kh2 Rf8 21. Rd2 Bc8 22. b3 Rf4 23. Nd1 Nf5 24. Qc3 Nd4 25. Rg1 c5 26. Bf1 Qg5 27. Rd3 Qh5 28. Qa5 Rf8 29. Qd2 Bg4 30. Nc3 Rgf6 31. f3 Bc8 32. Nd5 R6f7 33. Re3 Bb7 34. Bd3 Bxd5 35. cxd5 Rf6 36. Be4 g5 37. Rd3 Rf4 38. Re1 Qh6 39. Kg1 Qg7 40. b4 cxb4 41. Rxd4 exd4 42. Qxb4 d3 43. Rd1 Qc7 44. Rxd3 Rb8 45. Qe1 Qc5+ 46. Kh2 Qb4 47. Qg3 h6 48. Rb3 1-0

[Event "American Continental (Women) 16th"]
[Site "Oaxtepec"]
[Date "2025.05.01"]
[Round "1"]
[White "Mogollon Tobar, Nicolle Juliet"]
[Black "Chen, Megan"]
[Result "1-0"]
[WhiteElo "2065"]
[BlackElo "1702"]
[PlyCount "137"]
[EventDate "2025.05.01"]
[EventType "swiss"]
[EventRounds "9"]
[EventCountry "MEX"]
[SourceTitle "CB19_2025"]
[SourceDate "2025.05.07"]
[SourceVersion "1"]
[SourceVersionDate "2025.05.07"]
[SourceQuality "1"]

1. e4 c5 2. Nf3 Nc6 3. d4 cxd4 4. Nxd4 Nf6 5. Nc3 e5 6. Ndb5 d6 7. Bg5 a6 8. Na3 b5 9. Nd5 Be7 10. Bxf6 Bxf6 11. c3 0-0 12. Nc2 Rb8 13. a4 bxa4 14. Ncb4 Nxb4 15. cxb4 Bb7 16. Rxa4 Qc8 17. Be2 Bxd5 18. exd5 Rb6 19. 0-0 e4 20. Qd2 Qb7 21. Rfa1 Qe7 22. Rxa6 Rxa6 23. Rxa6 Rc8 24. Rc6 Re8 25. Rc4 Qa7 26. b3 g6 27. Qe3 Qe7 28. b5 Bg5 29. Qc3 e3 30. f4 Bf6 31. Qc2 Qb7 32. Rc6 Qa7 33. h3 Qa1+ 34. Qc1 Qxc1+ 35. Rxc1 Bd4 36. Rc4 Re4 37. g3 f5 38. Kf1 Kf7 39. Bf3 e2+ 40. Bxe2 Bc5 41. Rxe4 fxe4 42. Bd1 Kf6 43. Kg2 g5 44. Bc2 gxf4 45. Bxe4 fxg3 46. Bxh7 Bf2 47. b6 Bxb6 48. Kxg3 Kg5 49. h4+ Kf6 50. Kg4 Kg7 51. Bd3 Kh6 52. h5 Bc5 53. Bg6 Bb4 54. Kf5 Ba3 55. Ke6 Bb4 56. Kd7 Kg7 57. Kc6 Bc5 58. Kb5 Kf6 59. b4 Bd4 60. Kc6 Ke7 61. b5 Bc5 62. Kc7 Kf6 63. b6 Ke5 64. b7 Ba7 65. Bf7 Kf6 66. Be6 Kg5 67. b8Q Bxb8+ 68. Kxb8 Kxh5 69. Kc7 1-0

[Event "American Continental (Women) 16th"]
[Site "Oaxtepec"]
[Date "2025.05.01"]
[Round "2"]
[White "Padilla Garcia, Cecilia Xasive"]
[Black "Mogollon Tobar, Nicolle Juliet"]
[Result "1-0"]
[WhiteElo "1904"]
[BlackElo "2065"]
[PlyCount "104"]
[EventDate "2025.05.01"]
[EventType "swiss"]
[EventRounds "9"]
[EventCountry "MEX"]
[SourceTitle "CB19_2025"]
[SourceDate "2025.05.07"]
[SourceVersion "1"]
[SourceVersionDate "2025.05.07"]
[SourceQuality "1"]

1. e4 c6 2. d4 d5 3. exd5 cxd5 4. Bd3 Nf6 5. h3 Nc6 6. c3 g6 7. Nf3 Bg7 8. Bf4 Bf5 9. Na3 Bxd3 10. Qxd3 0-0 11. Qb5 Qc8 12. 0-0 a6 13. Qe2 b5 14. Nc2 e6 15. a4 Qb7 16. axb5 axb5 17. Bd6 Rfd8 18. Bb4 Bf8 19. Bxf8 Rxf8 20. Ne5 Ne4 21. Nxc6 Qxc6 22. Nb4 Qb7 23. Rfd1 Rfc8 24. Nd3 Qc7 25. Rdc1 Rcb8 26. Rxa8 Rxa8 27. Nb4 Qf4 28. Qe3 Qxe3 29. fxe3 h5 30. Kf1 h4 31. Ke2 g5 32. Kd3 f5 33. Kc2 Kg7 34. Kb3 Kf6 35. Nd3 g4 36. Nf4 Nd2+ 37. Kc2 Nc4 38. Re1 Ra2 39. Nd3 Kg5 40. Kb3 Ra8 41. Kb4 gxh3 42. gxh3 Kf6 43. b3 Nd2 44. Re2 Ne4 45. Nc5 Nd6 46. Rg2 Kf7 47. Rg5 Rh8 48. Nd7 Rh6 49. Ne5+ Kf8 50. Rg6 Rxg6 51. Nxg6+ Kg7 52. Nxh4 Kf6 1-0

[Event "Titled Tuesday intern op 04th Mar Early"]
[Site "Chess.com INT"]
[Date "2025.03.04"]
[Round "6"]
[White "Mogollon Tobar, Nicolle Juliet"]
[Black "Darmanin, Jake"]
[Result "1-0"]
[WhiteElo "2063"]
[BlackElo "2065"]
[PlyCount "83"]
[EventDate "2025.03.04"]
[EventType "swiss (blitz)"]
[EventRounds "11"]
[EventCountry "USA"]
[SourceTitle "CB11_2025"]
[SourceDate "2025.03.12"]
[SourceVersion "1"]
[SourceVersionDate "2025.03.12"]
[SourceQuality "1"]

1. e4 e5 2. Nf3 Nc6 3. Bc4 Nf6 4. d3 h6 5. 0-0 d6 6. c3 g6 7. Nbd2 Bg7 8. a4 a6 9. Re1 0-0 10. Nf1 Kh7 11. h3 Qe7 12. d4 exd4 13. cxd4 Rd8 14. Ng3 Re8 15. Bd2 Nd7 16. Bc3 Nb6 17. Bb3 Nd8 18. a5 Nd7 19. Qc2 Nc6 20. h4 Kh8 21. h5 Nf6 22. hxg6 fxg6 23. e5 dxe5 24. Nxe5 Nxe5 25. dxe5 Ng4 26. Qxg6 Be6 27. Bc2 Kg8 28. f3 Qc5+ 29. Kh1 Qf2 30. fxg4 Qxg3 31. Rf1 Bf5 32. Bxf5 Qh4+ 33. Kg1 Qg5 34. Qh7+ Kf8 35. Bg6+ Ke7 36. Qxg7+ Kd8 37. Rad1+ Kc8 38. Bf5+ Kb8 39. Qxg5 hxg5 40. Bd7 Re7 41. e6 Ka7 42. Rf7 1-0

[Event "COL-ch 20 Girls"]
[Site "Bogota"]
[Date "2025.02.02"]
[Round "9"]
[White "Mogollon Tobar, Nicolle Juliet"]
[Black "Largo Chaparro, Sofia Alejandra"]
[Result "1-0"]
[WhiteElo "2063"]
[BlackElo "1793"]
[PlyCount "113"]
[EventDate "2025.01.29"]
[EventType "swiss"]
[EventRounds "9"]
[EventCountry "COL"]
[SourceTitle "CB06_2025"]
[SourceDate "2025.02.05"]
[SourceVersion "1"]
[SourceVersionDate "2025.02.05"]
[SourceQuality "1"]

1. e4 c5 2. Nf3 e6 3. d4 cxd4 4. Nxd4 Nf6 5. Nc3 Nc6 6. Nxc6 bxc6 7. e5 Nd5 8. Ne4 Rb8 9. c4 Nb4 10. Bd2 c5 11. a3 Qh4 12. Ng3 Nc6 13. Bc3 Qf4 14. Qd2 Qxd2+ 15. Kxd2 Be7 16. Ne4 0-0 17. Rd1 Bb7 18. f3 f5 19. exf6 gxf6 20. Kc2 f5 21. Nd6 Bf6 22. b4 Bxc3 23. Kxc3 cxb4+ 24. axb4 Nxb4 25. Ra1 Nc6 26. Be2 a5 27. c5 Bc8 28. Rhd1 Rd8 29. Bb5 Ra8 30. Nxf5 Na7 31. Bc4 Nc6 32. Bb5 Na7 33. Nd6 Nxb5+ 34. Nxb5 Bb7 35. Ra4 Bc6 36. Rg4+ Kf8 37. Nd6 h5 38. Rg5 Ke7 39. Rxh5 Rh8 40. Rxh8 Rxh8 41. h3 Rg8 42. Rd2 Rg5 43. Kc4 a4 44. Ne4 Rg8 45. Rc2 Ra8 46. Nc3 a3 47. Kb4 Kf6 48. Ra2 Kf5 49. Rxa3 Rxa3 50. Kxa3 Kf4 51. Ne4 Bxe4 52. fxe4 Kxe4 53. h4 Kf4 54. h5 Kg5 55. g4 e5 56. Kb3 e4 57. Kc2 1-0

[Event "COL-ch 20 Girls"]
[Site "Bogota"]
[Date "2025.01.30"]
[Round "3"]
[White "Mogollon Tobar, Nicolle Juliet"]
[Black "Pardo Useche, Laura Valentina"]
[Result "1-0"]
[WhiteElo "2063"]
[BlackElo "1851"]
[PlyCount "44"]
[EventDate "2025.01.29"]
[EventType "swiss"]
[EventRounds "9"]
[EventCountry "COL"]
[SourceTitle "CB06_2025"]
[SourceDate "2025.02.05"]
[SourceVersion "1"]
[SourceVersionDate "2025.02.05"]
[SourceQuality "1"]

1. e4 c5 2. Nf3 d6 3. d4 cxd4 4. Nxd4 Nf6 5. Nc3 a6 6. f3 e6 7. Be3 b5 8. Qd2 h5 9. a4 b4 10. Na2 d5 11. e5 Nfd7 12. f4 Nc5 13. Bd3 Nxa4 14. 0-0 Nd7 15. Nxe6 Qa5 16. Nxf8 Nxf8 17. Nxb4 Rb8 18. c3 d4 19. Bxd4 Rxb4 20. cxb4 Qd5 21. Bc5 Bd7 22. Rxa4 Qd6 1-0

[Event "Wch U18 Girls"]
[Site "Florianopolis"]
[Date "2024.11.07"]
[Round "9"]
[White "Mogollon Tobar, Nicolle Juliet"]
[Black "Kamarova, Zhanbota"]
[Result "1-0"]
[WhiteElo "2068"]
[BlackElo "1871"]
[PlyCount "89"]
[EventDate "2024.10.29"]
[EventType "swiss"]
[EventRounds "11"]
[EventCountry "BRA"]
[SourceTitle "CB45_2024"]
[Source "ChessBase"]
[SourceDate "2024.11.06"]
[SourceVersion "1"]
[SourceVersionDate "2024.11.06"]
[SourceQuality "1"]

1. e4 e5 2. Nf3 Nc6 3. Bc4 Bc5 4. c3 Nf6 5. d3 d6 6. Nbd2 a6 7. Bb3 Ba7 8. Nf1 h6 9. Ng3 0-0 10. h3 Be6 11. 0-0 Qd7 12. Be3 Rfe8 13. Bxa7 Rxa7 14. Re1 d5 15. d4 dxe4 16. Nxe4 Bxb3 17. Nxf6+ gxf6 18. Qxb3 e4 19. Nh2 f5 20. Re2 Na5 21. Qc2 Nc4 22. Rae1 Raa8 23. f3 Nd6 24. Qc1 Kg7 25. Qf4 Re6 26. fxe4 fxe4 27. Ng4 Qe7 28. c4 Qg5 29. Qxg5+ hxg5 30. c5 Nc8 31. Ne3 b6 32. Nd5 Rc6 33. b4 bxc5 34. bxc5 f5 35. g4 f4 36. Rxe4 Rh6 37. Re8 Rxh3 38. Nxc7 Rb8 39. Ne6+ Kf6 40. Rf8+ Kg6 41. Rg8+ Kf6 42. Nxg5 Rg3+ 43. Kf2 Rxg4 44. Nh7+ Kf5 45. Re5# 1-0

[Event "Wch U18 Girls"]
[Site "Florianopolis"]
[Date "2024.11.06"]
[Round "8"]
[White "Rajanya, Datta"]
[Black "Mogollon Tobar, Nicolle Juliet"]
[Result "1/2-1/2"]
[WhiteElo "1845"]
[BlackElo "2068"]
[PlyCount "121"]
[EventDate "2024.10.29"]
[EventType "swiss"]
[EventRounds "11"]
[EventCountry "BRA"]
[SourceTitle "CB45_2024"]
[Source "ChessBase"]
[SourceDate "2024.11.06"]
[SourceVersion "1"]
[SourceVersionDate "2024.11.06"]
[SourceQuality "1"]

1. e4 c5 2. Nf3 Nc6 3. d4 cxd4 4. Nxd4 Nf6 5. Nc3 e6 6. a3 Be7 7. Be3 d6 8. Be2 e5 9. Nb3 Be6 10. 0-0 0-0 11. Bf3 a6 12. Nd5 Bxd5 13. exd5 Nb8 14. Be2 Nbd7 15. c4 a5 16. a4 b6 17. Nd2 Nc5 18. Qb1 Nfd7 19. f4 g6 20. f5 Bg5 21. Bxc5 Nxc5 22. Ne4 Nb3 23. Ra3 Nd4 24. Qd1 f6 25. Bg4 Bh6 26. Rd3 Qe7 27. Qe1 g5 28. Bd1 Qd7 29. Qg3 Ra7 30. Qg4 Bg7 31. Qh3 h6 32. b3 Rc7 33. Bh5 Rb7 34. Kh1 Ra7 35. Rd2 Rc7 36. Bg6 Ra7 37. Nf2 b5 38. axb5 a4 39. bxa4 Rxa4 40. Rc1 Rc8 41. Qd3 Nxb5 42. Ne4 Nd4 43. Rb2 Qc7 44. h3 Rb8 45. Rxb8+ Qxb8 46. Rb1 Rb4 47. Rxb4 Qxb4 48. Kh2 Nb3 49. Nxd6 Nc1 50. Qc2 Qxd6 51. Qxc1 e4+ 52. Kh1 Bf8 53. Qc3 Be7 54. Qb3 Qf4 55. c5 Qf2 56. Kh2 Qf4+ 57. Kh1 Qf2 58. Kh2 Qf4+ 59. Kh1 Qf1+ 60. Kh2 Qf4+ 61. Kh1 1/2-1/2

[Event "Wch U18 Girls"]
[Site "Florianopolis"]
[Date "2024.10.30"]
[Round "2"]
[White "Mogollon Tobar, Nicolle Juliet"]
[Black "Zhong, April Yunwei"]
[Result "1/2-1/2"]
[WhiteElo "2068"]
[BlackElo "1909"]
[PlyCount "136"]
[EventDate "2024.10.29"]
[EventType "swiss"]
[EventRounds "11"]
[EventCountry "BRA"]
[SourceTitle "CB45_2024"]
[Source "ChessBase"]
[SourceDate "2024.11.06"]
[SourceVersion "1"]
[SourceVersionDate "2024.11.06"]
[SourceQuality "1"]

1. e4 e6 2. d4 d5 3. e5 c5 4. c3 Nc6 5. Nf3 Bd7 6. Be2 Nge7 7. 0-0 Ng6 8. Be3 b6 9. Nbd2 cxd4 10. cxd4 Be7 11. g3 f6 12. exf6 Bxf6 13. Bd3 0-0 14. h4 e5 15. Bxg6 hxg6 16. dxe5 Nxe5 17. Nxe5 Bxe5 18. Nf3 Bg4 19. Nxe5 Bxd1 20. Rfxd1 Qd6 21. Nd3 Rad8 22. Nf4 Rf5 23. Rd4 g5 24. hxg5 Rxg5 25. Rad1 Re5 26. Ng2 Qe7 27. R4d3 Qf7 28. a3 Re4 29. Nf4 Re5 30. Rd4 g5 31. Ng2 Qf3 32. Ne1 Qh5 33. g4 Qh3 34. R1d3 Rd7 35. Bd2 Qh6 36. Rg3 Rh7 37. Kf1 Qf6 38. Nf3 Rhe7 39. Nxe5 Qxe5 40. Be3 Rf7 41. Kg2 Rc7 42. Rf3 Rf7 43. Rxf7 Kxf7 44. Ra4 a5 45. Rd4 b5 46. Rd2 Ke6 47. Rd4 Kd6 48. Kh3 Qh8+ 49. Kg2 Qh4 50. Bd2 a4 51. Bc3 Kc5 52. f3 Qh6 53. Rd1 Qg6 54. Kg3 Qd6+ 55. Kg2 Qf4 56. Rd3 Kc4 57. Rd1 Qe3 58. Rd2 Kc5 59. Kg3 Qg1+ 60. Rg2 Qh1 61. Rd2 Qe1+ 62. Rf2 Qg1+ 63. Rg2 Qh1 64. Rd2 Qg1+ 65. Rg2 Qe3 66. Rd2 Kc4 67. Kg2 Qf4 68. Rd1 Qe3 1/2-1/2

[Event "Wch U18 Girls"]
[Site "Florianopolis"]
[Date "2024.10.29"]
[Round "1"]
[White "Apine, Emilija"]
[Black "Mogollon Tobar, Nicolle Juliet"]
[Result "0-1"]
[WhiteElo "1798"]
[BlackElo "2068"]
[PlyCount "64"]
[EventDate "2024.10.29"]
[EventType "swiss"]
[EventRounds "11"]
[EventCountry "BRA"]
[SourceTitle "CB45_2024"]
[Source "ChessBase"]
[SourceDate "2024.11.06"]
[SourceVersion "1"]
[SourceVersionDate "2024.11.06"]
[SourceQuality "1"]

1. e4 e6 2. d4 d5 3. Nc3 Bb4 4. e5 b6 5. h4 Qd7 6. a3 Bf8 7. Nf3 Ba6 8. Bxa6 Nxa6 9. 0-0 c5 10. Be3 h5 11. Qe2 Nc7 12. Rad1 Qc6 13. Nd2 Ne7 14. f4 Nf5 15. Nf3 Ng3 16. Qf2 Nxf1 17. Rxf1 g6 18. Ne2 Be7 19. Ng5 Kf8 20. c3 c4 21. Ng3 Kg8 22. f5 Bxg5 23. fxg6 Bxe3 24. Qxe3 fxg6 25. Qg5 Qe8 26. Rf6 Kg7 27. Ne2 Rf8 28. Nf4 Rxf6 29. Nxh5+ Kf8 30. Nxf6 Qf7 31. Qh6+ Ke7 32. Qg5 Rh8 0-1

[Event "Olympiad Women-45"]
[Site "Budapest"]
[Date "2024.09.22"]
[Round "11.4"]
[White "Mogollon Tobar, Nicolle Juliet"]
[Black "Morales Flores, Monserrat"]
[Result "1-0"]
[WhiteElo "2045"]
[BlackElo "1938"]
[PlyCount "111"]
[EventDate "2024.09.11"]
[EventType "team-swiss"]
[EventRounds "11"]
[EventCountry "HUN"]
[SourceTitle "EXT 2025"]
[Source "ChessBase"]
[SourceDate "2024.10.14"]
[SourceVersion "1"]
[SourceVersionDate "2024.10.14"]
[SourceQuality "1"]
[WhiteTeam "Colombia (W)"]
[BlackTeam "Chile (W)"]
[WhiteTeamCountry "COL"]
[BlackTeamCountry "CHI"]

1. e4 c5 2. Nf3 e6 3. d4 cxd4 4. Nxd4 a6 5. Nc3 b5 6. Bd3 Qc7 7. 0-0 Nf6 8. Re1 Bb7 9. e5 Nd5 10. Nxd5 Bxd5 11. Qg4 Nc6 12. Nxc6 Bxc6 13. h4 h5 14. Qg3 Be7 15. Bg5 Qd8 16. Be4 Bxe4 17. Bxe7 Qxe7 18. Qxg7 0-0-0 19. Rxe4 Rdg8 20. Qf6 Qxf6 21. exf6 Rg6 22. a4 Kb7 23. axb5 axb5 24. Rb4 Kc6 25. Ra6+ Kc5 26. Rf4 Rg4 27. Rxg4 hxg4 28. g3 Rh6 29. Ra7 Kc6 30. Ra8 Rxf6 31. Rg8 Rg6 32. Rh8 d5 33. Kf1 e5 34. Ke2 Kc5 35. Rh7 f6 36. Rf7 Kd4 37. c3+ Kc5 38. b4+ Kc6 39. Ke3 Kd6 40. Rf8 Kc6 41. Rc8+ Kd6 42. Rc5 Rg8 43. Rxb5 Rc8 44. Rb6+ Ke7 45. Kd3 Rc4 46. b5 Ra4 47. Ra6 Rc4 48. b6 Rc8 49. b7 Rb8 50. Rb6 f5 51. c4 dxc4+ 52. Kxc4 f4 53. Kd5 fxg3 54. fxg3 Kd7 55. Kxe5 Kc7 56. Rb3 1-0

[Event "Medellin Castro Memorial op-A 31st"]
[Site "Medellin"]
[Date "2024.08.09"]
[Round "5"]
[White "Mogollon Tobar, Nicolle Juliet"]
[Black "Rodriguez Velasco, German Enrique"]
[Result "1-0"]
[WhiteElo "2134"]
[BlackElo "2065"]
[PlyCount "63"]
[EventDate "2024.08.07"]
[EventType "swiss"]
[EventRounds "10"]
[EventCountry "COL"]
[SourceTitle "CBM 221 Extra"]
[Source "ChessBase"]
[SourceDate "2024.09.30"]
[SourceVersion "1"]
[SourceVersionDate "2024.09.30"]
[SourceQuality "1"]

1. e4 c5 2. Nf3 e6 3. d4 cxd4 4. Nxd4 a6 5. Nc3 Qc7 6. Bd3 Bc5 7. Nb3 Be7 8. f4 d6 9. Be3 Nf6 10. g4 Nc6 11. g5 Nd7 12. Qe2 b5 13. h4 Nb4 14. a3 Nxd3+ 15. cxd3 Bb7 16. Nd4 Rc8 17. h5 Qd8 18. Rh2 Nc5 19. Rd1 e5 20. Nf5 exf4 21. Bxf4 Ne6 22. Be3 g6 23. hxg6 fxg6 24. Nxe7 Qxe7 25. Nd5 Bxd5 26. exd5 Nc7 27. Bd4 Rf8 28. Bf6 Rxf6 29. gxf6 Qxe2+ 30. Rxe2+ Kf7 31. Rc1 Kxf6 32. Kd1 1-0

[Event "American Continental 18th"]
[Site "Medellin"]
[Date "2024.05.31"]
[Round "10"]
[White "Claro Molinares, Samuel David"]
[Black "Mogollon Tobar, Nicolle Juliet"]
[Result "0-1"]
[WhiteElo "1903"]
[BlackElo "2063"]
[PlyCount "88"]
[EventDate "2024.05.24"]
[EventType "swiss"]
[EventRounds "11"]
[EventCountry "COL"]
[SourceTitle "CBM 220 Extra"]
[Source "ChessBase"]
[SourceDate "2024.07.31"]
[SourceVersion "1"]
[SourceVersionDate "2024.07.31"]
[SourceQuality "1"]

1. e4 c6 2. d4 d5 3. e5 Bf5 4. Bd3 Bxd3 5. Qxd3 e6 6. Nf3 Be7 7. c3 Nd7 8. h4 h5 9. a4 c5 10. Na3 Nh6 11. Nc2 c4 12. Qe2 Nf5 13. Bg5 Bxg5 14. hxg5 g6 15. Ne3 Nxe3 16. fxe3 Rf8 17. e4 dxe4 18. Qxe4 a5 19. d5 Nc5 20. Qxc4 Qxd5 21. Qxd5 exd5 22. 0-0-0 0-0-0 23. Nd4 Rfe8 24. Rhf1 Rd7 25. Nb5 Rxe5 26. Rxf7 Rxf7 27. Nd6+ Kd7 28. Nxf7 Rf5 29. Nh8 Rxg5 30. c4 Ke7 31. cxd5 Rxg2 32. d6+ Ke6 33. Re1+ Kxd6 34. Nf7+ Kc6 35. Ne5+ Kd5 36. Kb1 g5 37. Nf3 g4 38. Rd1+ Ke4 39. Ne1 Re2 40. Nc2 Nd3 41. Rh1 Nf4 42. Kc1 g3 43. Kd1 g2 44. Rg1 h4 0-1

[Event "American Continental Blitz 18th"]
[Site "Medellin"]
[Date "2024.05.29"]
[Round "8"]
[White "Mogollon Tobar, Nicolle Juliet"]
[Black "Labrador Avendano, Angie Jhoana"]
[Result "1-0"]
[WhiteElo "2063"]
[BlackElo "1763"]
[PlyCount "103"]
[EventDate "2024.05.29"]
[EventType "swiss (blitz)"]
[EventRounds "9"]
[EventCountry "COL"]
[SourceTitle "CBM 220 Extra"]
[Source "ChessBase"]
[SourceDate "2024.07.31"]
[SourceVersion "1"]
[SourceVersionDate "2024.07.31"]
[SourceQuality "1"]

1. e4 d5 2. exd5 Qxd5 3. Nc3 Qa5 4. Bc4 Nf6 5. d4 Bg4 6. Nge2 Nc6 7. f3 Bh5 8. Bd2 Qb4 9. Bb5 e6 10. Bxc6+ bxc6 11. a3 Qd6 12. Bf4 Qd7 13. Ng3 Bg6 14. 0-0 Nd5 15. Bd2 Bd6 16. Nce4 0-0 17. c4 Nf6 18. Nxf6+ gxf6 19. Bc3 c5 20. Ne4 Bxe4 21. fxe4 cxd4 22. Bxd4 e5 23. Be3 Qe6 24. c5 Be7 25. Rf5 Kh8 26. Qf3 Rg8 27. Rf1 Rg6 28. Rf2 Rag8 29. h4 Rg4 30. h5 Qc4 31. Rxf6 Qxe4 32. Qxe4 Rxe4 33. Rxf7 Bh4 34. R2f3 Reg4 35. Rxc7 Rxg2+ 36. Kf1 Bg5 37. Kxg2 Bd8+ 38. Kf2 Bxc7 39. Rf7 Bd8 40. Rxa7 Bh4+ 41. Kf3 Rg3+ 42. Ke4 Bf6 43. h6 Kg8 44. c6 Rg4+ 45. Kf5 Rg3 46. Kxf6 Rf3+ 47. Kxe5 Rxe3+ 48. Kf6 Rf3+ 49. Ke6 Re3+ 50. Kd6 Rd3+ 51. Kc7 Rh3 52. b4 1-0

[Event "American Continental Blitz 18th"]
[Site "Medellin"]
[Date "2024.05.29"]
[Round "3"]
[White "Valencia Quinchia, Isabella"]
[Black "Mogollon Tobar, Nicolle Juliet"]
[Result "0-1"]
[WhiteElo "1827"]
[BlackElo "2063"]
[PlyCount "40"]
[EventDate "2024.05.29"]
[EventType "swiss (blitz)"]
[EventRounds "9"]
[EventCountry "COL"]
[SourceTitle "CBM 220 Extra"]
[Source "ChessBase"]
[SourceDate "2024.07.31"]
[SourceVersion "1"]
[SourceVersionDate "2024.07.31"]
[SourceQuality "1"]

1. e4 Nf6 2. e5 Nd5 3. d4 d6 4. c4 Nb6 5. exd6 cxd6 6. Nc3 g6 7. Be2 Bg7 8. Be3 0-0 9. h3 Nc6 10. Nf3 d5 11. c5 Nd7 12. 0-0 Nf6 13. Rb1 Bf5 14. Bd3 Ne4 15. Qc2 Nb4 16. Qe2 Nxc3 17. bxc3 Bxd3 18. Qd2 Bxb1 19. Rxb1 Nc6 20. Bf4 b6 0-1

[Event "American Continental 18th"]
[Site "Medellin"]
[Date "2024.05.26"]
[Round "4"]
[White "Sanchez Martinez, Andres Felipe"]
[Black "Mogollon Tobar, Nicolle Juliet"]
[Result "1/2-1/2"]
[WhiteElo "1886"]
[BlackElo "2063"]
[PlyCount "88"]
[EventDate "2024.05.24"]
[EventType "swiss"]
[EventRounds "11"]
[EventCountry "COL"]
[SourceTitle "CBM 220 Extra"]
[Source "ChessBase"]
[SourceDate "2024.07.31"]
[SourceVersion "1"]
[SourceVersionDate "2024.07.31"]
[SourceQuality "1"]

1. d4 Nf6 2. Bg5 d5 3. Bxf6 exf6 4. e3 g6 5. c4 dxc4 6. Bxc4 Bg7 7. h4 h5 8. Qc2 f5 9. Ne2 0-0 10. Nf4 Kh8 11. Nd2 Bh6 12. g3 Nd7 13. Nf3 Nb6 14. Bb3 c6 15. Ne5 Qf6 16. Nfd3 Be6 17. Bxe6 Qxe6 18. Nc5 Qd5 19. 0-0 Bg7 20. Ned3 Rab8 21. a4 Nc8 22. Nf4 Qd8 23. Rad1 Ne7 24. b4 Nd5 25. Ncd3 Nf6 26. f3 Qe7 27. Rfe1 Nd7 28. Nc5 Nb6 29. a5 Nd5 30. Nxd5 cxd5 31. Qa2 Qd6 32. Kf2 Bf6 33. Qa4 Rfd8 34. Rc1 b6 35. Nd3 Rdc8 36. axb6 axb6 37. Qa7 Kg7 38. Qa6 Ra8 39. Qxc8 Rxc8 40. Rxc8 Qd7 41. Rec1 Qb5 42. R8c3 Qd7 43. Re1 Qd6 44. Rc8 Qd7 1/2-1/2

[Event "Cali Olympiad Qual (Women)"]
[Site "Cali"]
[Date "2024.04.20"]
[Round "9"]
[White "Mogollon Tobar, Nicolle Juliet"]
[Black "Brito Carrascal, Isabela"]
[Result "1-0"]
[WhiteElo "1950"]
[BlackElo "1893"]
[PlyCount "49"]
[EventDate "2024.04.16"]
[EventType "tourn"]
[EventRounds "11"]
[EventCountry "COL"]
[SourceTitle "CBM 220 Extra"]
[Source "ChessBase"]
[SourceDate "2024.07.31"]
[SourceVersion "1"]
[SourceVersionDate "2024.07.31"]
[SourceQuality "1"]

1. e4 c5 2. Nf3 e6 3. d4 cxd4 4. Nxd4 Nc6 5. Nc3 a6 6. Be3 Qc7 7. f4 b5 8. Nxc6 dxc6 9. a4 b4 10. Nb1 Nf6 11. Nd2 Bb7 12. Bd3 h5 13. Rf1 c5 14. b3 Ng4 15. Bg1 Be7 16. Qe2 g5 17. h3 Nh6 18. Be3 g4 19. 0-0-0 Qc6 20. Nc4 0-0-0 21. Ne5 Qb6 22. hxg4 hxg4 23. Rh1 Bf6 24. Rxh6 Bxe5 25. fxe5 1-0